000 00700cam a2200265 4500
001 1960
010 _a978989576147
021 _aPT
_b540104/24
090 _a1960
100 _a20250811d2025 de|y0pory5003 ba
101 _apor
102 _aPT
200 _aComo é que é ser um morcego?
_fThomas Nagel
_gtrad. Manuel S. Fonseca
205 _a1ª edição
210 _aLisboa
_cGuerra e Paz
_d2025
215 _a75 p.
_d24 cm
300 _aBMB-Registado
606 _aFilosofia do conhecimento
_9259
606 _aMoral
_xÉtica
_9281
606 _aMorte
_2SIPOR
675 _a17
_vBMB
_zpor
700 _aNagel
_bThomas
_92809
702 _aFonseca
_bManuel S.
_4730
801 _aPT
_bBMB
_gRPC
990 _cLIVROS